Holiday Quiz

Random Holiday or Halloween Quiz

Vintage Halloween Costumes Quiz Stats

Quiz Updated Oct 31, 2012

Challenge
Share
Tweet
Score 0/25 Timer 08:00
3 Plays Today
Mask Character % Correct
2AFrankenstein's Monster
93.9%
2DE.T.
91.2%
2BJaws
90.6%
4CMr. T
89.2%
3DTweety
87.7%
1DBert
85.1%
5DSmurf
77.5%
4BRoadrunner
73.4%
2CLucy van Pelt
68.8%
6BRubik's Cube
67.3%
6DFat Albert
66%
4AChewbacca
56.3%
3CKing Kong
47.2%
Mask Character % Correct
6APac-Man
42.2%
1AHuckleberry Hound
41.4%
5BIndiana Jones
40.5%
1CSkeletor
38.8%
5ERichie Rich
35.1%
3AFonzie
33.7%
6CBoss Hogg
29.4%
4DBoba Fett
27.7%
1BUnderdog
26.7%
3EDracula
24.4%
1EFarrah Fawcett
23.6%
5CWendy the Good Little Witch
21.8%

You're not logged in!

Compare scores with friends on all Sporcle quizzes.
Sign Up with Email
OR
Log In

You Might Also Like...

Show Comments

Extras

Top Quizzes Today


Score Distribution

Your Account Isn't Verified!

In order to create a playlist on Sporcle, you need to verify the email address you used during registration. Go to your Sporcle Settings to finish the process.